14. Mai 1954
| Titel: | 14. Mai 1954 : Vor 60 Jahren wurde die "Haager Konvention zum Schutz von Kulturgut bei bewaffneten Konflikten" unterzeichnet |
|---|---|
| Verfasser: | |
| In: |
Sächsisches Archivblatt, Heft 1 (2014), Seite 8-9 alle Artikel anzeigen |
| Veröffentlicht: | 2014 |
| Format: | Aufsatz |
X
alg: 44204165 001A $03036:30-01-19 001B $01999:30-01-19 $t23:09:07.000 001D $03036:30-01-19 001U $0utf8 001X $00 002@ $0Aox 003@ $0442041659 007A $0442041659 $aHEB 007T $0ArchMa22353 011@ $a2014 021A $a14. Mai 1954 $dVor 60 Jahren wurde die "Haager Konvention zum Schutz von Kulturgut bei bewaffneten Konflikten" unterzeichnet 028A $aHuck $dThomas-Sergej 031A $e1 $h8-9 $j2014 039B $aIn $8--Abvc--. Sächsisches Archivblatt. - Dresden : Sächsisches Staatsarchiv, 1992-2021 $x201400000000001992 $9048627194 045T $a8,1 lok: 44204165 105 exp: 44204165 105 1 #EPN 201B/01 $030-01-19 $t15:49:25.000 201C/01 $030-01-19 201U/01 $0utf8 203@/01 $0104242800X 208@/01 $a13-12-18 $be 209A/01 $a/ $f106 $x00 245Z/01 $a2.10.01. $bArchivwissenschaft und Archivtheorie / Bestandserhaltung / Bestandserhaltung $x01 245Z/01 $a3.15.02. $bArchivwesen des Bundes- und der deutschen Bundesländer / Sachsen / Archive und Archivbestände $x02 247C/01 $8->Marburg, Bibliographie zum Archivwesen der Archivschule Marburg $939588196X
| LEADER | 00000caa a22000002c 4500 | ||
|---|---|---|---|
| 001 | 442041659 | ||
| 003 | DE-603 | ||
| 005 | 20190130230907.0 | ||
| 007 | tu | ||
| 008 | 190130s2014 xx |||| | u00||u|und c | ||
| 035 | |a (DE-599)HEB442041659 | ||
| 040 | |a DE-603 |b ger |c DE-603 |d DE-603 | ||
| 084 | |a 8,1 |2 ssgn | ||
| 100 | 1 | |a Huck, Thomas-Sergej | |
| 245 | 0 | 0 | |a 14. Mai 1954 |b Vor 60 Jahren wurde die "Haager Konvention zum Schutz von Kulturgut bei bewaffneten Konflikten" unterzeichnet |
| 264 | 0 | |c 2014 | |
| 773 | 0 | 8 | |i In |t Sächsisches Archivblatt |d Dresden : Sächsisches Staatsarchiv, 1992-2021 |h 30 cm |g Heft 1 (2014), Seite 8-9 |w (DE-603)048627194 |w (DE-600)1151016-X |
| 924 | 0 | |9 - |a (DE-603)104242800X |b DE- |c HES |d d |g / | |